Obscure Latin Derivatives A-E - Statistics

General Stats
  • This quiz has been taken 2 times
  • The average score is 4 of 100
Answer Stats
Hint Answer % Correct
eager, vinegar acer
100%
easel asinus
50%
beverage bibo
50%
canary, canine, kennel canis
50%
counter, country contra
50%
dicker, dozen decem
50%
dozen, dual, duet duo
50%
eglantine acus
0%
emulate aemulus
0%
era aes
0%
aim, esteem aestimo
0%
estuary aestus
0%
age, eternity aevum
0%
pilgrim ager
0%
agile, ambiguous, assay, essay, squat ago
0%
adage aio
0%
auburn, bedaub, daub albus
0%
hidalgo aliquis
0%
altruistic, adultery alter
0%
exalt, haughty, oboe altus
0%
maraschino amarus
0%
advance, ancient, avaunt, vanguard ante
0%
overt, pert aperio
0%
attitude, couple, lariat aptus
0%
ewer, sewer aqua
0%
eagle aquila
0%
arcade arcus
0%
inert arcus
0%
ace as
0%
obey audio
0%
oriole aurum
0%
abate, battle, battery battuo
0%
duel, rebel, revel bellum
0%
balance, combine bis
0%
beau, bonbon, bounty bonus
0%
beef, bugle bos
0%
bill, billet, boil, budge, bullet bulla
0%
buzzard buteo
0%
cavalier, cavalry, chivalry caballus
0%
chance, cheat cado
0%
cement, chisel caedo
0%
caldron, calorie, chafe, chowder, nonchalant, scand, chauffeur caleo
0%
conciliate, calendar, council, nomenclature calo
0%
calumny, challenge calvor
0%
caulk/calk, cockatrice, inculcate, recalcitrant calx (heel)
0%
calcium, calculate, chalk calx (small stone)
0%
champaign, champion campus
0%
accent, charm, enchant, incentive cano
0%
cab, taxicab caper
0%
cable, caitiff, conceit, ketch, municipal, prince, recover capio
0%
achieve, cabbage, capitol, cattle, chapter, chef, handkerchief, precipice caput
0%
carnation, carnival, carrion caro
0%
carpet, scarce carpo
0%
career, cargo, charge carrus
0%
casino casa
0%
castle, chateau castra
0%
castigate, chaste, incest castus
0%
caudal, coward, cue cauda
0%
accusative, because, excuse, kickshaw causa
0%
cage, decoy, jail cavea
0%
cease, necessary cedo
0%
decree, secret cerno
0%
citation, solicit cieo
0%
supercilious cilium
0%
cinch, succinct cingo
0%
search circus
0%
citadel civis
0%
clandestine clam
0%
claim clamo
0%
cloister, seclude, sluice claudo
0%
court, curtsy, courteous cohors
0%
accolade, collar collum
0%
cult colo
0%
apricot, biscuit, cuisine, terra-cotta coquo
0%
cordial, core, courage, record cor
0%
corps, corsage, corset corpus
0%
coast, cutlet, accost costa
0%
grease crassus
0%
grate, grid, grill cratis
0%
grant, miscreant credo
0%
accrue, crew, increase, recruit cresco
0%
concubine, covey, succumb cubo
0%
kiln culina
0%
recoil culus
0%
coin, cuneiform cuneus
0%
covet cupio
0%
assure, ensure, insure, proctor, proxy, scour cura
0%
devoir, endeavor debeo
0%
dandelion dens
0%
adieu deus
0%
ditty dico (dicere)
0%
adjourn, dial, diary, dismal, journal, sojourn dies
0%
dainty, deign, disdain dignus
0%
betray, dice, dowry, pardon, render, rendezvous, rent, traitor, treason, vendor do
0%
bedlam, damsel, danger, dungeon, granny, madam, Madonna domus
0%
ivory ebur
0%
example, exempt, impromptu, premium, prompt, ransom, redeem, sample, vintage emo
0%
ambition, circuit, county, exit, issue, obituary, perish, praetorian, sudden, trance, viscount eo
0%
exile exsul
0%
estrange, external, strange extra
0%
No matching quizzes found
Score Distribution
Percent of People with Each Score
Percentile by Number Answered
Your Score History
You have not taken this quiz